[Event "EST ch (w) Teams"]
[Site "Tallinn"]
[Date "2020.08.30"]
[Round "3.4"]
[White "Tsõganova, Monika"]
[Black "Levchenko, Marina"]
[Result "1-0"]
[WhiteElo "2013"]
[BlackElo "1399"]
[PlyCount "175"]
[EventDate "2020.08.28"]
[EventType "team"]
[EventCountry "EST"]
[SourceVersionDate "2020.09.10"]
[WhiteTeam "Malekool 64"]
[BlackTeam "MA Vabaettur"]

1. d4 Nf6 2. c4 e6 3. Nf3 d5 4. Nc3 Be7 5. Bf4 O-O 6. e3 b6 7. Bd3 Bb7 8. O-O
c5 9. cxd5 Nxd5 10. Bg3 cxd4 11. exd4 Nc6 12. Rc1 Rc8 13. Qe2 Nf6 14. Ba6 Qd7
15. Rfd1 Bxa6 16. Qxa6 Nb4 17. Qe2 Nbd5 18. Ne5 Qb7 19. Qf3 Qa8 20. Re1 Nb4 21.
Qxa8 Rxa8 22. a3 Nbd5 23. Nc6 Rfc8 24. Nxe7+ Nxe7 25. Nb5 a6 26. Nd6 Rxc1 27.
Rxc1 Nfd5 28. f3 h6 29. Ne4 Nf5 30. Bf2 Nfe7 31. Rc4 Rc8 32. b3 Rc6 33. a4 f5
34. Rxc6 Nxc6 35. Nd6 Nf4 36. Kf1 Nd3 37. d5 exd5 38. Bxb6 Nc1 39. Nxf5 Nxb3
40. Ke2 Kf7 41. Kd3 Kf6 42. Ne3 Ke5 43. Nc2 g6 44. g3 Nc1+ 45. Kd2 Na2 46. Ne3
h5 47. Ng2 g5 48. f4+ Kf6 49. Be3 g4 50. Bc5 Nab4 51. Kc3 Na2+ 52. Kb3 Nc1+ 53.
Kc2 Ne2 54. Ne3 Ke6 55. Kd3 Nc1+ 56. Kc2 Ne2 57. Kd2 Ned4 58. Bxd4 Nxd4 59. Kd3
Nc6 60. Nc2 Kf6 61. Nd4 Ne7 62. a5 Nc8 63. Nc6 Nd6 64. Kd4 Ke6 65. Kc5 Nc4 66.
Nd4+ Kf6 67. Nb3 Ke6 68. Kc6 Ke7 69. Kxd5 Ne3+ 70. Kc6 Nf1 71. Nd4 Nxh2 72. Kb6
Nf1 73. Kxa6 Nxg3 74. Kb6 h4 75. Nc6+ Kf6 76. Ne5 Kf5 77. a6 h3 78. Nd3 Ne4 79.
a7 h2 80. a8=Q h1=Q 81. Qd5+ Kf6 82. Qe5+ Kf7 83. Qf5+ Nf6 84. Ne5+ Ke7 85.
Nc6+ Kf7 86. Qd3 Qd5 87. Qa3 Kg6 88. Ne7+ 1-0